China Rivers Quiz Stats

 Plays Quiz not verified by Sporcle

Score 0/33 Timer 08:00
0 Plays Today
% Correct
Chongqing
65.5%
Wuhan
58.2%
Shanghai
54.5%
Nanjing
54.5%
Zhengzhou
54.5%
Lhasa
54.5%
Guangzhou
52.7%
Kaifeng
52.7%
Guilin
49.1%
Yangzhou
47.3%
Jinghong (Xishuangbanna)
45.5%
Harbin
43.6%
Yichang
43.6%
Baotou
43.6%
Beijing
43.6%
Lanzhou
41.8%
Hefei
40%
% Correct
Yinchuan
40%
Jinan
40%
Fuzhou
40%
Changsha
38.2%
Xian
38.2%
Jilin
38.2%
Dandong
36.4%
Tumen
34.5%
Heihe
32.7%
Nanchang
30.9%
Tianjin
30.9%
Fushun
29.1%
Shenyang
27.3%
Taiyuan
27.3%
Chengdu
23.6%
Xining
18.2%

You're not logged in!

Compare scores with friends on all Sporcle quizzes.
OR
Log In

You Might Also Like...

Show Comments

Extras

Created Jun 18, 2015ReportNominate
Tags:Topography Quiz, china, river

Top Quizzes Today


Score Distribution

Your Account Isn't Verified!

In order to create a playlist on Sporcle, you need to verify the email address you used during registration. Go to your Sporcle Settings to finish the process.

Report this User

Report this user for behavior that violates our Community Guidelines.

Details: